000 00615cam a2200205 i 4500
005 20260311132138.0
008 250721s2001 ua gr 000 0 eng d
041 1 _aara
_aeng
082 1 4 _a920.72
_bE L I
245 0 4 _aThe Early Muslim Women /
_ccompiled and translated by dr. abdel- hamid eliwa.
246 1 1 _aالمسلمات الأوائل
250 _asecond edition.
264 3 1 _ael - Mansoura :
_bDar Al - Manarah,
_c2001.
300 _a232 pages.
650 1 7 _aBIOGRAPHY.
650 1 7 _aWOMEN.
700 1 _aeliwa, abdel- hamid
_etranslator.
942 _2ddc
_cBK
999 _c89713
_d89713